|
|
|
|
| LEADER |
00000nab a2200000 a 4500 |
| 001 |
vtls000650783 |
| 003 |
SK-MaSNL |
| 005 |
20260426100009.0 |
| 008 |
250425c1997 xo 0 slo |
| 015 |
|
|
|a SNBRB1998/02-02595
|
| 035 |
|
|
|a CLN000002977
|
| 035 |
|
|
|a urn:nbn:sk:snk-abhke
|
| 035 |
|
|
|a (urnnbn)urn:nbn:sk:snk:ar-a04e3l
|
| 035 |
|
|
|a (uuid)72a8b09b-b092-4c94-8b38-591527764c4e
|
| 040 |
|
|
|a SNKBUCL
|b slo
|c SNKBUCL
|e AACR2
|
| 041 |
0 |
|
|a slo
|
| 044 |
|
|
|a xo
|c SK
|
| 080 |
|
|
|a 902.2(437.6):572
|2 1997
|
| 080 |
|
|
|a 902.67
|2 1997
|
| 080 |
|
|
|a 572
|2 1997
|
| 080 |
|
|
|a 903.5(437.6)"6377":902
|2 1997
|
| 100 |
1 |
|
|a Šefčáková, Alena,
|d 1957-
|4 aut
|9 13497
|
| 245 |
1 |
0 |
|a Pozostatok lebky z neskorej doby bronzovej z Bratislavy
|c Alena Šefčáková
|
| 300 |
|
|
|e Mp. a tab. s. 13.-20., fotogr. a obr. s. 197-314
|
| 504 |
|
|
|a Res. nem.
|
| 650 |
0 |
7 |
|a lebka
|2 snkbucl
|9 2482
|
| 650 |
0 |
7 |
|a mladšia doba bronzová
|2 snkbucl
|9 82573
|
| 651 |
|
7 |
|a Bratislava (Slovensko)
|2 snkbucl
|9 14568
|
| 655 |
|
7 |
|a články zo zborníkov
|2 snkbucl
|9 166140
|
| 773 |
0 |
|
|t Archeologické výskumy a nálezy na Slovensku v roku 1995
|d Nitra : Archeologický ústav Slovenskej akadémie vied, 1997
|g S. 174
|z 8088709334
|
| 850 |
|
|
|a Slovenská národná knižnica
|
| 852 |
|
|
|a Slovenská národná knižnica
|
| 954 |
|
|
|a odborná, vedecká literatúra pôvodná (slovenská)
|2 lita
|
| 958 |
|
|
|a article27
|
| 958 |
|
|
|a SK
|
| 958 |
|
|
|a OND
|
| 958 |
|
|
|a EUIPO
|
| 999 |
|
|
|c 3182821
|d 3184751
|